| Tag |
First Indicator |
Second Indicator |
Subfields |
| LEADER |
00000cam a2200000 4500 |
| 001 |
in00000078543 |
| 005 |
20151008052828.0 |
| 008 |
720619s1937 nyu b 00000 eng u |
| 010 |
|
|
|a 37013031
|
| 035 |
|
|
|a (OCoLC)00335729
|
| 035 |
|
|
|9 AAH5069AM
|
| 040 |
|
|
|c CSU
|d TXA
|d UtOrBLW
|
| 049 |
|
|
|a TXAM
|c [67385]
|
| 050 |
|
0 |
|a HB3725
|b .P5
|
| 092 |
|
|
|a 332.10973
|b P558b
|
| 100 |
1 |
|
|a Phillips, Chester Arthur,
|d 1882-1976.
|
| 245 |
1 |
0 |
|a Banking and the business cycle ;
|b a study of the great depression in the United States /
|c [by] C. A. Phillips...T. F. McManus...[and] R. W. Nelson...
|
| 264 |
|
1 |
|a New York :
|b The Macmillan company,
|c 1937.
|
| 300 |
|
|
|a xivp., 1 leaves,274p :
|b diagrams ;
|c 22cm.
|
| 336 |
|
|
|a text
|b txt
|2 rdacontent
|
| 337 |
|
|
|a unmediated
|b n
|2 rdamedia
|
| 338 |
|
|
|a volume
|b nc
|2 rdacarrier
|
| 504 |
|
|
|a Bibliography: pages [247]-270.
|
| 650 |
|
0 |
|a Banks and banking
|z United States.
|
| 650 |
|
0 |
|a Business cycles.
|
| 651 |
|
0 |
|a United States
|x Economic conditions
|y 1918-1945.
|
| 700 |
1 |
|
|a McManus, T. F.
|
| 700 |
1 |
|
|a Nelson, R. W.
|
| 740 |
4 |
|
|a The great depression in the United States.
|
| 999 |
|
|
|a MARS
|
| 999 |
f |
f |
|s 26c9827f-fc51-394a-a71e-c51e64998b31
|i c170fe44-7d98-3c7b-ae77-9fa6a8396a56
|t 0
|
| 952 |
f |
f |
|p ric
|a Texas A&M University
|b Rellis Campus
|c Joint Library Facility
|d Remote Storage
|t 0
|e HB3725 .P5
|h Library of Congress classification
|i unmediated -- volume
|m A14800729449
|
| 998 |
f |
f |
|a HB3725 .P5
|t 0
|l Remote Storage
|